Personnes connues #2 - Statistiques

Statistiques générales
  • Ce quiz a été pris 615 fois
  • Le résultat moyen est 9 sur 13
Statistiques - réponses
Par images Réponse % Correct
Gérard Depardieu
94%
Johnny Hallyday
91%
Kylian Mbappé
90%
Louis de Funès
87%
Coluche
86%
Shakira
83%
Elon Musk
76%
Yannick Noah
76%
Simone Veil
73%
Novak Djokovic
67%
Jacques Brel
55%
Georges Brassens
44%
Albert Camus
21%
Aucun quiz correspondant
Distribution des résultats
% des personnes avec chaque résultat
Percentile par nombre de réponses
Votre historique - résultats
Vous n’avez pas pris ce quiz